| 000 | 00721nam a22002537a 4500 | ||
|---|---|---|---|
| 001 | 31547 | ||
| 003 | UA-OsUOA | ||
| 005 | 20210917211853.0 | ||
| 007 | ta | ||
| 008 | 20041223b un ||||| |||| 00| 0 ukr d | ||
| 020 | _a5-02-017936-1 | ||
| 040 |
_aUA-OsUOA _brus _cUA-OsUOA _dUA-OsUOA |
||
| 041 | _arus | ||
| 044 | _aRU | ||
| 080 | _a94(5)"0375/1492" | ||
| 090 |
_a94(5)"0375/1492" _bИ90 |
||
| 245 |
_aИстория Востока: Восток в древности _cред. Р. Б. Рыбаков, Л. Б. Алаев |
||
| 260 |
_aМосква _bВосточная литература _c1997 |
||
| 300 |
_a688 с. _bІлюстрації |
||
| 505 | _gт. 1 | ||
| 650 | 7 | _2UDC | |
| 942 |
_cBK _2udc |
||
| 955 | _a0 | ||
| 999 |
_c317975 _d317975 |
||